| 000 | 01561nam a22004097a 4500 | ||
|---|---|---|---|
| 003 | OSt | ||
| 005 | 20230706082151.0 | ||
| 008 | 170318s2016 gt||||| |||| 00| 0 spa d | ||
| 040 | _cLado V | ||
| 082 | 0 | 4 |
_a306.4 _bB793c |
| 100 |
_aBoza, Giselle _9862 _edirector |
||
| 245 | 1 | 0 |
_aContra Punto/ _bRevista de Pensamiento y Cultura/ |
| 260 |
_aCosta Rica _bSINART _c1999 |
||
| 300 |
_a47p. _c22x30cm |
||
| 490 |
_a3 _v1999 _x1409-3286 |
||
| 505 | _aUna Maestra en Harlem | ||
| 505 | _aTemas de Debate | ||
| 505 | _aUn rostro humano para la mundialización | ||
| 505 | _aReforma en el sector salud. Un largo viaje. | ||
| 505 | _aCambios y retos ante la globalización | ||
| 505 | _aLos 50 años de nuestra constitución | ||
| 505 | _aConsideraciones sobre una reforma político-electoral para Costa Rica | ||
| 505 | _aEl Estado en la Costa Rica que viene | ||
| 505 | _aMuseos, arte e identidad | ||
| 505 | _aGlobalización, educación superior y futuro | ||
| 505 | _aLa otra globalización | ||
| 505 | _aLa OEA y el Sistema Interamericano de protección a los Derechos Humanos | ||
| 505 | _aEl entorno del desarrollo nacional | ||
| 505 | _aLibros | ||
| 650 |
_2Tesauro de Arte & Arquitectura _aPOLITICA |
||
| 650 |
_2Tesauro de Arte & Arquitectura _aCULTURA |
||
| 650 |
_2Tesauro de Arte & Arquitectura _aLITERATURA |
||
| 650 |
_2Tesauro de Arte & Arquitectura _aFILOSOFIA |
||
| 650 |
_2Tesauro de Arte & Arquitectura _aCRITICA |
||
| 700 | 1 |
_aSvankmajer. _eilustrador. _95749 |
|
| 942 |
_2ddc _c1 _h306.4 _iB793c _n0 |
||
| 999 |
_c3976 _d3976 |
||